Statistics for AC Milan Best Scorer By Year

Click here to take the quiz!

General Stats

  • This quiz has been taken 3,088 times
    (1,704 since last reset)
  • The average score is 13 of 40

Answer Stats

Player% Correct
Zlatan Ibrahimović
95%
Olivier Giroud
89%
Rafael Leão
89%
Kaká
82%
Filippo Inzaghi
80%
Andriy Shevchenko
79%
Marco van Basten
76%
Alexandre Pato
58%
Carlos Bacca
50%
Robinho
50%
Mario Balotelli
43%
Krzysztof Piątek
42%
George Weah
40%
Ante Rebić
38%
Gianni Rivera
36%
Gunnar Nordahl
36%
Alberto Gilardino
31%
Jérémy Ménez
30%
Stephan El Shaarawy
29%
Patrick Cutrone
26%
Jean-Pierre Papin
21%
Marco Borriello
21%
Daniele Massaro
20%
Oliver Bierhoff
20%
José Altafini
16%
Marco Simone
14%
Pietro Virdis
12%
Pierino Prati
11%
Alberto Bigon
3%
Aldo Maldera
3%
Angelo Sormani
3%
Mark Hateley
3%
Carlo Galli
2%
Gastone Bean
2%
Luciano Chiarugi
2%
Roberto Antonelli
2%
Amarildo
1%
Egidio Calloni
1%
Oscar Damiani
1%
Stefano Chiodi
1%

Score Distribution

Percentile by Number Answered

Percent of People with Each Score

Your Score History

You have not taken this quiz since the last reset